Mecánica de fluidos

Bibliographic Details
Main Authors: Mott, Robert L., ., Untener, Joseph A
Format: Section = Libro
Language:Undetermined
Spanish
Published: México Pearson 2015
Edition:7a.ed
Subjects:
LEADER 00677nam a2200253Ia 4500
008 240830s9999 xx 000 0 und d
020 |a 978-607-32-3288-3 
040 |a CEDOC FIQ-RUSB / 620.106 M921 
041 |a spa 
082 |a 620.106 M921 
100 1 |a Mott, Robert L. 
100 1 |b ., Untener, Joseph A 
245 1 0 |a Mecánica de fluidos 
250 |a 7a.ed 
260 |a México  |b Pearson  |c 2015 
300 |a 531 p. : il. 
650 7 |a MECANICA DE FLUIDOS 
650 7 |b  MECANICA APLICADA-PROBLEMAS 
650 7 |c  VISCOSIDAD DE LOS FLUIDOS 
650 7 |d  ESTATICA DE LOS FLUIDOS 
650 7 |e  SISTEMAS DE TUBERIA 
942 |c BK  |2 ddc 
991 |a TEXTO 
999 |c 13568